LEADER 00447nam 2200169z- 450 001 9910773088503321 035 $a(CKB)4920000003131921 035 $a(EXLCZ)994920000003131921 100 $a20240109c2016uuuu -u- - 101 0 $aeng 200 10$aScale : Discourse and Dimensions of Social Life 210 $cUniversity of California Press 517 $aScale 906 $aBOOK 912 $a9910773088503321 996 $aSCALE$9107421 997 $aUNINA LEADER 01948nam 2200589 a 450 001 9910953422903321 005 20250416110336.0 010 $a9781607804765 010 $a160780476X 035 $a(CKB)2560000000010254 035 $a(EBL)535571 035 $a(OCoLC)645093426 035 $a(SSID)ssj0000671908 035 $a(PQKBManifestationID)11385267 035 $a(PQKBTitleCode)TC0000671908 035 $a(PQKBWorkID)10636063 035 $a(PQKB)11318344 035 $a(OCoLC)712989945 035 $a(MiAaPQ)EBC535571 035 $a(Au-PeEL)EBL535571 035 $a(CaPaEBR)ebr10389152 035 $a(FR-PaCSA)45005171 035 $a(FRCYB45005171)45005171 035 $a(EXLCZ)992560000000010254 100 $a20150401h20101993 uy 0 101 0 $aeng 135 $aur|n|---||||| 181 $ctxt 182 $cc 183 $acr 200 10$aAngola $ecommunications /$fWorld Trade Press 205 $a2nd ed. 210 $aPetaluma, Calif. $cWorld Trade Press$dc1993-2010 [2010] 215 $a1 online resource (23 p.) 300 $aCover title. 330 $aGet all three comprehensive reports bundled into one for a complete media and communications profile of Angola. An excellent source of practical information, this profile offers an extensive dialing guide with city codes, a listing of ISPs and Internet cafes, profiles of the major media outlets (with contact info!) and more. 606 $aCommunication$zAngola 606 $aCommunication and traffic$zAngola 606 $aTelecommunication$zAngola 606 $aMobile communication systems$zAngola 615 0$aCommunication 615 0$aCommunication and traffic 615 0$aTelecommunication 615 0$aMobile communication systems 676 $a384.3 801 0$bMiAaPQ 801 1$bMiAaPQ 801 2$bMiAaPQ 906 $aBOOK 912 $a9910953422903321 996 $aAngola$9498560 997 $aUNINA LEADER 01108nam0 22002651i 450 001 UON00084279 005 20250704024657.827 100 $a20020107d1933 |0itac50 ba 101 $aita 102 $aIT 105 $a|||| ||||| 200 1 $aˆLe ‰Colonie nell'esercizio 1932-1933$eDiscorso pronunciato alla Camera dei Deputati nella tornata dell'11 marzo 1933-XI$fEmilio De Bono 210 $aRoma$cTipografia della Camera dei Deputati$d1933 215 $a22 p.$d21 cm 606 $aColonialismo Italiano$xAfrica$3UONC018232$2FI 620 $aIT$dRoma$3UONL000004 676 $a325.345096$cCOLONIALISMO ITALIANO IN AFRICA$v21 700 1$aDE_BONO$bEmilio$3UONV050339$067986 712 $aTipografia della Camera dei deputati$3UONV256650$4650 801 $aIT$bSOL$c20250711$gRICA 899 $aSIBA - SISTEMA BIBLIOTECARIO DI ATENEO$2UONSI 912 $aUON00084279 950 $aSIBA - SISTEMA BIBLIOTECARIO DI ATENEO$dSI MISC XIII 069 $eSI AA 3460 5 069 996 $aColonie nell'esercizio 1932-1933$94401615 997 $aUNIOR